TV Characters Quiz Stats

 Plays Quiz Updated Oct 9, 2018

Score 0/25 Timer 06:00
4 Plays Today
Character % Correct
George Costanza (Seinfeld)
64.4%
Dr. Christopher Duncan Turk (Scrubs)
52.3%
John Locke (Lost)
43.3%
Hiro Nakamura (Heroes)
42.1%
Charlotte York (Sex and the City)
41.8%
Dewey (Malcolm in the Middle)
40.2%
Dr. Zoidberg (Futurama)
37.6%
Spike (Buffy the Vampire Slayer)
36.3%
'Hawkeye' Pierce (M*A*S*H)
34.6%
Gabrielle Solis (Desperate Housewives)
29.8%
Eddie Crane (Frasier)
29.3%
Lieutenant Commander Worf (Star Trek: TNG)
22.9%
Don Draper (Mad Men)
21.9%
Character % Correct
Dr. John Carter (E.R)
19.6%
David Brent (The Office (UK))
18.3%
Boomhauer (King of the Hill)
18.2%
Salvatore 'Big Pussy' Bonpensiero (The Sopranos)
16.6%
Cigarette Smoking Man (The X-Files)
16%
Endora (Bewitched)
14.9%
Joshua Lyman (The West Wing)
11.7%
Andy Botwin (Weeds)
9.9%
Bubbles (The Wire)
9.2%
Albert 'Al' Swearengen (Deadwood)
7.7%
Number Six (Battlestar Galactica)
7.7%
Susie Greene (Curb Your Enthusiasm)
5.2%

You're not logged in!

Compare scores with friends on all Sporcle quizzes.
OR
Log In

Sporcle TV

Today on Sporcle TV


Watch our educational content, quiz creation guides, and fun videos on Sporcle TV.

Show Comments

Extras

Top Quizzes Today


Score Distribution

Your Account Isn't Verified!

In order to create a playlist on Sporcle, you need to verify the email address you used during registration. Go to your Sporcle Settings to finish the process.

Report this User

Report this user for behavior that violates our Community Guidelines.

Details: